UBT Library

Biographical encyclopedia of the Supreme Court : (Record no. 41904)

000 -LEADER
fixed length control field 00934cam a22002774a 4500
001 - CONTROL NUMBER
control field 14329280
005 - DATE AND TIME OF LATEST TRANSACTION
control field 20180206044127.0
008 - FIXED-LENGTH DATA ELEMENTS--GENERAL INFORMATION
fixed length control field 060405s2006 dcuc be 001 0ceng
010 ## - LIBRARY OF CONGRESS CONTROL NUMBER
LC control number 2006011563
020 ## - INTERNATIONAL STANDARD BOOK NUMBER
International Standard Book Number 193311648X (alk. paper)
020 ## - INTERNATIONAL STANDARD BOOK NUMBER
International Standard Book Number 9781933116488
035 ## - SYSTEM CONTROL NUMBER
System control number (OCoLC)ocm66392966
040 ## - CATALOGING SOURCE
Original cataloging agency DLC
Transcribing agency DLC
Modifying agency BAKER
-- C#P
-- YLS
-- DLC
041 ## - LANGUAGE CODE
Language code of text/sound track or separate title eng
042 ## - AUTHENTICATION CODE
Authentication code pcc
043 ## - GEOGRAPHIC AREA CODE
Geographic area code n-us---
080 ## - UNIVERSAL DECIMAL CLASSIFICATION NUMBER
Universal Decimal Classification number 347.732
082 00 - DEWEY DECIMAL CLASSIFICATION NUMBER
Classification number 347.732 URO
-- B
Edition number 22
100 ## - Rafti
Rafti 14
101 ## - Shkurtesa
Shkurtesa SHJ
245 00 - TITLE STATEMENT
Title Biographical encyclopedia of the Supreme Court :
Statement of responsibility, etc edited by Melvin I. Urofsky.
504 ## - BIBLIOGRAPHY, ETC. NOTE
Bibliography, etc Includes bibliographical references and indexes.
906 ## - LOCAL DATA ELEMENT F, LDF (RLIN)
a 7
b cbc
c orignew
d 1
e ecip
f 20
g y-gencatlg
942 ## - ADDED ENTRY ELEMENTS (KOHA)
Source of classification or shelving scheme
Item type Books
Holdings
Withdrawn status Lost status Source of classification or shelving scheme Damaged status Not for loan Collection code Permanent location Current location Shelving location Date acquired Total Checkouts Full call number Barcode Date last seen Price effective from Koha item type
          Koleksioni i përgjithshem UBT - Lipjan UBT - Lipjan Koleksioni i përgjithshem 02/06/2018   347.732 URO 002-2999084 02/06/2018 02/06/2018 Books
UBT Library © 2015-2024. All rights reserved University Education for Business and Technology